UM Logo

Criminology/ (Record no. 3901)

MARC details
000 -LEADER
fixed length control field 00655nam a22001937a 4500
008 - FIXED-LENGTH DATA ELEMENTS--GENERAL INFORMATION
fixed length control field 160818b xxu||||| |||| 00| 0 eng d
020 ## - INTERNATIONAL STANDARD BOOK NUMBER
International Standard Book Number 9780073124469
082 ## - DEWEY DECIMAL CLASSIFICATION NUMBER
Edition number 2007
Classification number DC 364
Item number Ad1c
100 ## - MAIN ENTRY--PERSONAL NAME
9 (RLIN) 13021
Personal name Adler, Freda
245 ## - TITLE STATEMENT
Title Criminology/
Statement of responsibility, etc. Freda Adler, Gerhard O.W. Mueller and Wiliam S. Laufer.
250 ## - EDITION STATEMENT
Edition statement 6th edition
260 ## - PUBLICATION, DISTRIBUTION, ETC. (IMPRINT)
Place of publication, distribution, etc. Boston:
Name of publisher, distributor, etc. McGraw-Hill,
Date of publication, distribution, etc. c2007.
300 ## - PHYSICAL DESCRIPTION
Extent xxix, 405 pages:
Other physical details color illustartions;
Dimensions 26 cm.
500 ## - GENERAL NOTE
General note Includes bibliographical references and index.
650 #0 - SUBJECT ADDED ENTRY--TOPICAL TERM
9 (RLIN) 13022
Topical term or geographic name as entry element Crime
700 ## - ADDED ENTRY--PERSONAL NAME
9 (RLIN) 13023
Personal name Mueller, Gerhard O.W.
Relator term Author
700 ## - ADDED ENTRY--PERSONAL NAME
9 (RLIN) 13024
Personal name Laufer, William S.
Relator term Author
942 ## - ADDED ENTRY ELEMENTS (KOHA)
Source of classification or shelving scheme Dewey Decimal Classification
Koha item type Circulation
Holdings
Withdrawn status Lost status Source of classification or shelving scheme Damaged status Not for loan Collection code Home library Current library Date acquired Source of acquisition Total Checkouts Full call number Barcode Date last seen Price effective from Koha item type Copy number
    Dewey Decimal Classification     Circulation UM Digos College - LIC UM Digos College - LIC 05/30/2011 Donated   DC 364 Ad1c 2007 21541 05/15/2025 08/18/2016 Circulation  
    Dewey Decimal Classification     Circulation UM Digos College - LIC UM Digos College - LIC 08/23/2016     DC 364 Ad1c 2007 21494 04/14/2025 08/23/2016 Circulation 2